Представление документа в формате MARC21

Поле Инд. ПП Название Значение
Тип записи a
Библиографический уровень m
001 Контрольный номер 959dde9133d8468dbf46ab384ad59822
005 Дата корректировки 20250328141649.4
084 a Индекс другой классификации/Индекс ББК 87
097 b Оператор Кондратьева
245 10 a Заглавие Вестник Московского университета. Серия 7. Философия
n Номер части/ раздела 5
260 c Дата издания 2024
900 a Имя макрообъекта 0000003851571
901 t Тип документа s